Programy restrukturyzacji.

Pre dva poľské regióny (Lódz a Walbrzych) boli vypracované prvé regionálne programy reštrukturalizácie. Úlohy ústrednej správy pri poskytovaní pomoci regionálnym a miestnym strediskám. Odporúčania na podporu regionálnych reštrukturalizačných programov. Ekonomické nástroje pôsobenia štátu na hospodár...

ver descrição completa

Na minha lista:
Detalhes bibliográficos
Formato: Capítulo de Livro
Idioma:polonês
Assuntos:
Tags: Adicionar Tag
Sem tags, seja o primeiro a adicionar uma tag!

MARC

LEADER 00000naa a2200000 4500
001 r003287
005 20220819192616.3
041 0 |a pol 
044 |a PL 
245 1 0 |a Programy restrukturyzacji. 
520 |a Pre dva poľské regióny (Lódz a Walbrzych) boli vypracované prvé regionálne programy reštrukturalizácie. Úlohy ústrednej správy pri poskytovaní pomoci regionálnym a miestnym strediskám. Odporúčania na podporu regionálnych reštrukturalizačných programov. Ekonomické nástroje pôsobenia štátu na hospodárske subjekty. Smery a harmonogram činnosti pre jednotlivé podujatia, ich plnenie a kontrola. 
610 2 0 |a zmeny štruktúrne 
610 2 0 |a politika regionálna 
610 2 0 |a PR 
610 2 0 |a správa štátna 
610 2 0 |a nástroje ekonomické 
610 2 0 |a kontrola